| 000 | 01166nam a22003137a 4500 | ||
|---|---|---|---|
| 001 | BR9102465 | ||
| 003 | BR-BrBNA | ||
| 005 | 20230928093614.0 | ||
| 007 | ta | ||
| 008 | 230509b bl.||||| |||| 00| 0 por d | ||
| 040 |
_aBR-BrBNA _bpor _cBiblioteca Nacional de Agricultura |
||
| 041 | _a(Por) | ||
| 072 |
_aP34; P35 _b3240 |
||
| 090 | _ 3240 BR9102465 | ||
| 100 | 1 | _aGalli, M.A. | |
| 110 | 1 |
_aEscola Superior de Agricultura Luiz de Queiroz, Piracicaba, SP (Brasil) _0Tese (Mestre em Agronomia) |
|
| 245 | 1 | _aEfeito da materia organica e do fosforo no desenvolvimento de ectomicorrizas em plantlets de Eucalyptus inoculadas in vitro com Pisolithus tinctorius | |
| 246 | 1 | _aEffect of organic matter and phosphorus on the ectomycorrhizal development of Eucalyptus plantlets inoculated in vitro with Pisolithus tinctorius | |
| 260 | 3 |
_aPiracicaba, SP (Brasil): _c1991. |
|
| 300 | _a87 p. | ||
| 500 | _a16 tables; Bibliography p. 60-70 (53 ref.); Summaries (Eng, Por) | ||
| 650 | _aEUCALIPTO | ||
| 650 | _aMICORRIZA | ||
| 650 | _aINOCULACAO | ||
| 650 | _aMATERIA ORGANICA | ||
| 650 | _aFOSFORO | ||
| 909 |
_a202309 _bLucia _c55 _dLucia Elande |
||
| 942 | _cBK | ||
| 999 |
_c45963 _d45963 |
||